1143 1876 1093 1114 1424 1875 1333 1012 1115 1789 1533 1055 1662 1570 1973 1880 1008 1081 1496 1166 1079 1518 1323 1291 1826 1600 1351 1360 1096 1572 1426 1185 1208 1537 1462 1624 1745 1954 1673 1507 1324 1858 1762 1689 1149 1927 1713 1009 1379 1625 1249 1383 1391 1062 1581 1562 1676 1580 1639 1295 1529 1363 1334 1162 1919 1555 1037 1162 1273 1492 1795 1758 1475 1909 1606 1902 1427 1376 1636 1475 1327 1722 1967 1793 1109 1093 1339 1375 1189 1928 1488 1931 1092 1676 1847 1282 1180 1538 1889 BCNSPRNW ULIB Ver.6.0+V

เปลี่ยนเป็นภาษาไทย

Change to English
 แสดงรายละเอียดบรรณานุกรม
  กลับหน้าหลัก

Brief Record : Get Marc (ISO 2709) : E-mail record : QR code < ปิดหน้าต่าง
LEADER : 00000nam 2200000uu 4500
001    13399113507
003     ULIB
008    111123s2552||||th 000 0 tha d
020    ^a9786117023040
050  4 ^aBQ4570.L.5^bพ358ธ 2552
100 0  ^aพระมหาสมปอง ตาลปุตฺโต.
245 10 ^aธรรมะเดลิเวอรี่ ฉบับอมยิ้ม อิ่มใจ /^cพระมหาสมปอง ตาลปุตฺโต ; สุภาพรรณ เยี่ยมชัยภูมิ, บรรณาธิการ.
246 34 ^aธรรมะ Delivery.
260    ^aกรุงเทพฯ :^bฐานการพิมพ์,^c2552
650  7 ^aธรรมะกับชีวิตประจำวัน.
650  7 ^aการดำเนินชีวิต.
700 0  ^aสุภาพรรณ เยี่ยมชัยภูมิ.
945    ^p115^l0^i17724
995    ^aกัณชพร
999    ^aใช้งานได้ทุกระบบ
รายการนี้ยังไม่มีแท็ก
คุณยังไม่ได้ล็อกอิน คุณสามารถมีกิจกรรมร่วมกับเว็บไซต์ได้ แต่ต้องล็อกอินก่อน ::
  ล็อกอิน

รายการสื่อสารสนเทศ

ลำดับที่ ประเภท เลขเรียก/บาร์โค้ด สถานที่ สถานะ
- ไม่พบข้อมูล -

รายการใกล้เคียง
    ผู้แต่ง [พระมหาสมปอง ตาลปุตฺโต.]

    หัวเรื่อง [ธรรมะกับชีวิตประจำวัน.]
    หัวเรื่อง [การดำเนินชีวิต.]

BibComment


ยังไม่เคยถูกคอมเมนท์

คอมเมนท์ทรัพยากรรายการนี้
  คอมเมนท์: ธรรมะเดลิเวอรี่ ..


 Copyright 2026. Bcnsprnw @Library